Japan real estate investment. (Record no. 101416)

MARC details
000 -LEADER
fixed length control field 00684cam a2200205 4500
008 - FIXED-LENGTH DATA ELEMENTS--GENERAL INFORMATION
fixed length control field 000000n2001 000 0 eng u
020 ## - INTERNATIONAL STANDARD BOOK NUMBER
International Standard Book Number 1567203744
035 ## - SYSTEM CONTROL NUMBER
System control number (Sirsi) u112363
050 ## - LIBRARY OF CONGRESS CALL NUMBER
Classification number 332.63240952
100 ## - MAIN ENTRY--PERSONAL NAME
Personal name Hines, M.
245 ## - TITLE STATEMENT
Title Japan real estate investment.
260 ## - PUBLICATION, DISTRIBUTION, ETC.
Place of publication, distribution, etc. Westport, CT
Name of publisher, distributor, etc. Quorum Books
Date of publication, distribution, etc. 2001
300 ## - PHYSICAL DESCRIPTION
Extent x,321p. ; 24cm.
350 ## - PRICE (NR) (BK AM CF MU VM SE) [OBSOLETE]
Price 48.95
520 ## - SUMMARY, ETC.
Summary, etc. Describes the Japanese real estate investment process including detailed chapters on the economy, land tenure, planning, construction, appraisal, finance, taxation and securitization.
650 ## - SUBJECT ADDED ENTRY--TOPICAL TERM
Topical term or geographic name entry element JAPAN
650 ## - SUBJECT ADDED ENTRY--TOPICAL TERM
Topical term or geographic name entry element PROPERTY INVESTMENT
690 ## - LOCAL SUBJECT ADDED ENTRY--TOPICAL TERM (OCLC, RLIN)
Topical term or geographic name as entry element INTERNATIONAL-ASIA
942 ## - ADDED ENTRY ELEMENTS (KOHA)
Suppress in OPAC 0
Holdings
Withdrawn status Lost status Source of classification or shelving scheme Damaged status Not for loan Home library Current library Shelving location Date acquired Cost, normal purchase price Total Checkouts Full call number Barcode Date last seen Date last checked out Copy number Cost, replacement price Price effective from Koha item type
    Dewey Decimal Classification     London London Books 20/07/2001 48.95 8 332.63240952 HIN 30064646 06/08/2019 04/03/2009 1 48.95 06/08/2019 Book